000
00207nam a2200097Ia 4500
008
220204s9999 xx 000 0 und d
082
_a
82-3
_b
MIL
100
_a
Milan, Angel
245
0
_a
Sonatina
942
_c
BK
999
_c
37464
_d
37464